LEADER 00752nam a2200205 i 4500 001 000000181292 003 CaOOAMICUS 005 20090828000000.0 008 090828s1912 it u000 u ita u 013 $a159124 040 $aSeMil$bita 245 10$aFascicolo 4. 300 $a194 p. 490 0 $aStudi e testi ;$v24 700 1 $aFranchi de' Cavalieri, Pio,$d<1869-1960>.$0(OLS)http://semarc/name/9626 773 0 $aFranchi de' Cavalieri, Pio <1869-1960>$tNote agiografiche.$dRoma : Tipografia Vaticana, 1902.$w()21545 830 0$aStudi e testi ;$v24.$0(OLS)http://semarc/title/153 850 $aSeMil 852 $aSeMil$W1$xVenegono$y1$m3C V 49$j132033$B132033$CSeMilBibl$Z2$F143833 $81 996 $6245$aFascicolo 4$9(OLS)http://semarc/title/260260 LEADER 00850nam a2200193 i 4500 001 000000206609 003 CaOOAMICUS 005 20111010000000.0 008 111010s1809 it u000 u ita u 013 $a185381 026 $aTERI rio, i,o, isSe (3) 1809 (R) 040 $aSeMil$bita 245 10$aVol. 15. 300 $a213, [3] p. + 1 avviso editoriale (1 cartiglio). 500 $aL'avviso editoriale contiene le condizioni di associazione e il prezzo. - Contiene la traduzione de Gli Adelfi di Terenzio con testo latino a fronte. 773 0 $aAlfieri, Vittorio <1749-1803>$tOpere postume di Vittorio Alfieri volume 1. [-22.].$dBrescia : Per Nicoḷ Bettoni, 1809-1810.$g15$w()25532 850 $aSeMil 852 $aSeMil$W1$xVenegono$y1$m1M VI 28 FA$j157077$B157077$CSeMilBibl$Z2$F168396 $8I 996 $6245$aVol. 15$9(OLS)http://semarc/title/296868